Mechanics of materials (Record no. 6027)

000 -LEADER
fixed length control field 00600nam a2200229 i 4500
001 - CONTROL NUMBER
control field 6027
003 - CONTROL NUMBER IDENTIFIER
control field BD-DhUET
008 - FIXED-LENGTH DATA ELEMENTS--GENERAL INFORMATION
fixed length control field 770505s1978 nyua 001 0 eng
040 ## - CATALOGING SOURCE
Original cataloging agency DLC
Transcribing agency DLC
Modifying agency BD-DhUET
082 00 - DEWEY DECIMAL CLASSIFICATION NUMBER
Classification number 620.11
Item number HIG/1978
100 ## - MAIN ENTRY--PERSONAL NAME
Personal name Higdon, Archie
245 00 - TITLE STATEMENT
Title Mechanics of materials
250 ## - EDITION STATEMENT
Edition statement 3rd ed.
260 ## - PUBLICATION, DISTRIBUTION, ETC. (IMPRINT)
Place of publication, distribution, etc. New York
Name of publisher, distributor, etc. John Wiley and Sons
Date of publication, distribution, etc. 1978
300 ## - PHYSICAL DESCRIPTION
Extent xiv, 752 p.
Other physical details ill.
Dimensions 24 cm.
504 ## - BIBLIOGRAPHY, ETC. NOTE
Bibliography, etc Includes bibliographies
650 #0 - SUBJECT ADDED ENTRY--TOPICAL TERM
Topical term or geographic name as entry element Strength of materials
700 ## - ADDED ENTRY--PERSONAL NAME
Personal name Ohlsen, Wdward H.
700 ## - ADDED ENTRY--PERSONAL NAME
Personal name Stiles , William B.
700 ## - ADDED ENTRY--PERSONAL NAME
Personal name Weese, John A.
942 ## - ADDED ENTRY ELEMENTS (KOHA)
Koha item type General Book
Holdings
Location (home branch) Koha collection Date acquired Copy number Withdrawn status Sublocation or collection (holding branch) Koha issues (times borrowed) Source of classification or shelving scheme Piece designation (barcode) Price effective from Lost status Koha date last borrowed Koha date last seen Koha full call number Not for loan Damaged status Koha item type Shelving location Koha normalized classification for sorting Koha renewals
Central Library, BUET 2014-11-297 Central Library, BUET  617312014-11-29  2014-11-29620.11/HIG/1978  General BookCirculation section620_110000000000000_HIG_1978 
Central Library, BUET 2014-12-022 Central Library, BUET  617252014-12-02  2014-12-02620.11/HIG/1978  General BookCirculation section620_110000000000000_HIG_1978 
Central Library, BUET 2014-12-023 Central Library, BUET  617332014-12-02  2014-12-02620.11/HIG/1978  General BookCirculation section620_110000000000000_HIG_1978 
Central Library, BUET 2014-12-024 Central Library, BUET1 617272014-12-02 2019-02-272024-02-13620.11/HIG/1978  General BookCirculation section620_000000000000000_11HIG19781
Central Library, BUET 2014-12-025 Central Library, BUET  617262014-12-02  2014-12-02620.11/HIG/1978  General BookCirculation section620_110000000000000_HIG_1978 
Central Library, BUET 2014-12-026 Central Library, BUET  617282014-12-02  2014-12-02620.11/HIG/1978  General BookCirculation section620_000000000000000_11HIG1978 
Central Library, BUET 2014-12-021 Central Library, BUET  617302014-12-02  2014-12-02620.11/HIG/1978  General BookCirculation section620_000000000000000_11HIG1978 
Central Library, BUET 2014-12-028 Central Library, BUET  617322014-12-02  2014-12-02620.11/HIG/1978  General BookCirculation section620_000000000000000_11HIG1978 
Central Library, BUET 2015-01-109 Central Library, BUET  617292015-01-10  2015-01-10620.11/HIG/1978  General BookCirculation section620_110000000000000_HIG_1978 
Central Library, BUETNon Fiction2015-01-2810 Central Library, BUET  617342015-01-28  2015-01-28620.11/HIG/1978  General BookCirculation section620_110000000000000_HIG_1978